Capitals in the Answer - Statistics

General Stats
  • This quiz has been taken 25 times
  • The average score is 21 of 30
Answer Stats
Hint Capital % Correct
1) Spy played by Mike Myers, _____ Powers Austin
96%
4) Witch trial city or the capital of Oregon Salem
96%
2) Former name of New York by the Dutch, New Amsterdam
92%
5) 4th president of the US, James ____ Madison
92%
18) First president of the US Washington
92%
6) Green vegetable most kids dont like, ____ sprouts Brussels
88%
8) Psychological condition where a captive mightsympathize with their kidnapper, ______ Syndrome Stockholm
88%
11) "Take me home, country roads" singer, John ____ Denver
84%
23) Famous fight between Ali and Frazier in 1975, Thrilla in _____ Manila
84%
9) Actors Joaquin and River _____ Phoenix
84%
25) David Beckhams wife or the capital of the Seychelles Victoria
84%
30) Billy Joel song or the capital of Austria Vienna
84%
7) Pact made by former Soviet countries after NATO Warsaw
84%
20) Famous Indiana race, the _________ 500 Indianapolis
80%
21) Famous UK bridge that is now in Lake Havasu City London
80%
15) All roads lead to ______ Rome
80%
16) Homer and his family live here Springfield
80%
14) Actress/Johnny Depp costar, ______ Bonham Carter Helena
76%
24) Prince Edwards' title, Duke of _______ Edinburgh
72%
13) Golfs biggest tournament, ______ National Augusta
64%
29) Ohio capital or the sailor who sailed the ocean blue Columbus
60%
10) Author of the Declaration, _______ City Jefferson
60%
27) Car racing game, ______ Drift Tokyo
56%
3) The famous baked bean candy comes from here Boston
52%
19) Camila Cabello hit song Havana
44%
22) Frontiersman/trapper who explored the mapped the American West, ________ City Carson
40%
12) Based on a real story of the 2015 terror attack, 315 to ______ Paris
40%
17) Famous Ivy league college in NYC Columbia
28%
28) Michael Jackson hit song, Stranger in _____ Moscow
16%
26) Nic Cage 2008 hit movie, ______ Dangerous Bangkok
8%
No matching quizzes found
Score Distribution
Percent of People with Each Score
Percentile by Number Answered
Your Score History
You have not taken this quiz